Biblioteca

Unto others (Registro nro. 63948)

Detalles MARC
000 -LÍDER
Campo fijo de descripción fija 01152nam a2200337 a 4500
001 - NÚMERO DE CONTROL
Campo de control 45203276
003 - IDENTIFICADOR DEL NÚMERO DE CONTROL
Campo de control CO-MdFUSB
005 - FECHA Y HORA DE LA ULTIMA TRANSACCIÓN
control field 20180622072747.0
008 - ELEMENTOS DE LONGITUD FIJA -- INFORMACIÓN GENERAL
Campo fijo de descripción fija -- Información general 001020t19991998maua g 001 0 eng d
020 ## - NÚMERO INTERNACIONAL NORMALIZADO PARA LIBROS
Número Internacional Normalizado del libro 0674930479 (pbk.)
040 ## - FUENTE DE CATALOGACIÓN
Agencia de catalogación original W9M
Agencia que realiza la transcripción CO-MdFUSB
Agencia que realiza la modificación CO-MdFUSB
Idioma de catalogación spa
Convenciones de la descripción rda
041 ## - CÓDIGO DE IDIOMA
Código de idioma para texto/pista de sonido o título separado eng
082 ## - NÚMERO DE CLASIFICACIÓN DECIMAL DEWEY
Número de la edición del Dewey 24
Número de clasificación G 171.8
Clave de autor-Numero de item SO677u
100 1# - ASIENTO PRINCIPAL--NOMBRE PERSONAL
Nombre personal Sober, Elliott.
Término relacionador autor
245 10 - TÍTULO
Título del Material Unto others
Parte restante del título - Subtitulo : the evolution and psychology of unselfish behavior
Mención de responsabilidad, etc. / Elliott Sober y David Sloan Wilson
250 ## - MENCIÓN DE EDICIÓN
Mención de edición First Harvard University Press paperback edition.
264 #1 - PRODUCCIÓN, PUBLICACIÓN, DISTRIBUCIÓN, MANUFACTURA, Y COPYRIGHT
Lugar de producción, publicación, distribución, manufactura Cambridge, Mass. :
Nombre del productor, publicador, distribuidor Harvard University Press,
Fecha de producción, publicación, distribución, manufactura, o copyright ℗1999
264 #4 - PRODUCCIÓN, PUBLICACIÓN, DISTRIBUCIÓN, MANUFACTURA, Y COPYRIGHT
Fecha de producción, publicación, distribución, manufactura, o copyright ©1998
300 ## - DESCRIPCIÓN FÍSICA
Extensión 394 páginas :
Otros detalles físicos ilustraciones ;
Dimensiones 24 cm.
336 ## - TIPO DE CONTENIDO
Término de tipo de contenido
Código de tipo de contenido
Fuente rdacontent.
337 ## - TIPO DE MEDIO
Nombre del tipo de medio
Código del tipo de medio
Fuente rdamedia.
338 ## - TIPO DE SOPORTE
Nombre del tipo de soporte
Código Tipo de soporte
Fuente rdacarrier.
501 ## - NOTA DE “CON”
Nota de Contenido Incluye índice (p. 387- 394)
504 ## - NOTA DE BIBLIOGRAFÍA, ETC.
Nota de bibliografía, etc Bibliografía (p. 363- 386)
505 ## - NOTA DE CONTENIDO
Nota de contenido con formato preestablecido Parte I: Altruismo Evolutivo -- Parte II: Altruismo Psicológico
650 #7 - ASIENTO SECUNDARIO DE MATERIA - TERMINO TEMÁTICO
Término temático o nombre geográfico como elemento de entrada Identidad (Psicología)
9 (RLIN) 299
653 ## - TÉRMINO DE INDIZACIÓN - NO CONTROLADO
Término no controlado Altruismo -- sistemas éticos
700 1# - ASIENTO SECUNDARIO - NOMBRE PERSONAL
Nombre personal Wilson, David Sloan.
942 ## - TIPO DE MATERIAL (KOHA)
Tipo de Item KOHA Libros General
Existencias
Estado de Material Estado de Perdido Forma de Clasificación Estado de Dañado No para Préstamo Colección Biblioteca de Origen Biblioteca Permanente Fecha de Adquisición Total de Préstamos Signatura Topográfica Código de Barras Última vez visto Ejemplar/Existencia Fecha de Remplazo Tipo de Material
    Dewey Decimal Classification     Colección General Biblioteca FUSBC Biblioteca FUSBC 27/07/2017   G 171.8 SO677u 28699 12/12/2019 Ej. 1 27/07/2017 Libros General

Biblioteca FUSBC | Teléfono: (57+4) 349 88 10 Ext. 141| WhatsApp (+57) 3005338115 
E-mail: biblioteca@unisbc.edu.co | Calle 76 87-14 Robledo Palenque, Medellín, Colombia

Con tecnología Koha